000 00428nam a2200181Ia 4500
001 11936
005 20260306162905.0
008 260306t2019||||xx |||||||||||||| ||spa||
041 _aESP
082 _aHR 330
_bNº 29 2019 MR
100 _aRiesco Lind, Gustavo
_eAUT
245 0 _aMercados & regiones
260 _c2019
300 _a38 páginas :
_c29 cm.
650 _aGEN
654 _aCAN
942 _cREV
_dJUS
_fJUS
_2ddc
_n
999 _c11936
_d11936